00607 a2200181 450000100060000002000180000604000220002410000240004624000370007024500320010730000080013936200090014765000230015694200070017995201130018695201090029999900170040856899 a9788532267955 cAnchieta - Pituba aAlbergaria, Lino de10aQuando eu acabar de crescerlpor10aQuando eu acabar de crescer a1030 a2008 4aLiteratura juvenil cBK 00104070a91.1b91.1d2023-11-21l0oLJ 028.5 A329q ALB QUAp6618/PITr2023-11-21 18:24:28w2023-11-21yBK 00102ddc4070a57.2b57.2d2024-05-16l0pnt626r2024-05-16 12:33:04w2024-05-16yBKzEstante Brancau c56899d56899